AN INVESTIGATION OF HEALTH CARE PROFESSIONAL'S AWARENESS LEVEL AND READINESS FOR ADOPTION TOWARDS GREEN HOSPITAL (Record no. 33238)

MARC details
000 -LEADER
fixed length control field 00388nam a22001337a 4500
003 - CONTROL NUMBER IDENTIFIER
control field SGT
082 ## - DEWEY DECIMAL CLASSIFICATION NUMBER
Classification number 362
Item number KUM
100 ## - MAIN ENTRY--PERSONAL NAME
Personal name KUMARI SHIPRA
245 ## - TITLE STATEMENT
Title AN INVESTIGATION OF HEALTH CARE PROFESSIONAL'S AWARENESS LEVEL AND READINESS FOR ADOPTION TOWARDS GREEN HOSPITAL
260 ## - PUBLICATION, DISTRIBUTION, ETC. (IMPRINT)
Place of publication, distribution, etc SGT UNIVERSITY
Name of publisher, distributor, etc MANAGEMENT ( FCAM )
Year of Publication 2023
300 ## - PAGE DESCRIPTION
No. of Pages 133
650 ## - SUBJECT ADDED ENTRY--TOPICAL TERM
Topical term or geographic name as entry element MANAGEMENT
942 ## - ADDED ENTRY ELEMENTS (KOHA)
Source of classification or shelving scheme Dewey Decimal Classification
Koha item type Thesis/Dissertation
Holdings
Withdrawn status Lost status Source of classification or shelving scheme Damaged status Not for loan Collection code Home library Current library Date acquired Total Checkouts Full call number Accession No. (Barcode) Date last seen Bill Date Koha item type
    Dewey Decimal Classification   Not For Loan COMMERCE MANAGEMENT SGT Science & Social Sciences Library SGT Science & Social Sciences Library 27/12/2025   362 KUM DT2057 27/12/2025 27/12/2025 Thesis/Dissertation